Guess the College Basketball player by picture - 2008 - Statistics

General Stats
  • This quiz has been taken 4 times
  • The average score is 7 of 16
Answer Stats
Picture Answer % Correct
Ty Lawson
100%
Cole Aldrich
67%
Darren Collison
67%
Dejuan Blair
67%
Hasheem Thabeet
67%
Johnny Flynn
67%
Luke Harangody
67%
Patrick Patterson
67%
DeMarre Carroll
33%
Gerald Henderson
33%
Greivis Vasquez
33%
AJ Price
0%
Eric Maynor
0%
E'Twuan Moore
0%
Sam Young
0%
Terrence Williams
0%
No matching quizzes found
Score Distribution
Percent of People with Each Score
Percentile by Number Answered
Your Score History
You have not taken this quiz